المفاهيم الادارية الحديثة / (Record no. 6968)
[ view plain ]
| 000 -LEADER | |
|---|---|
| fixed length control field | 01111nam a2200289Ii 4500 |
| 003 - CONTROL NUMBER IDENTIFIER | |
| control field | JO-AjNU |
| 005 - DATE AND TIME OF LATEST TRANSACTION | |
| control field | 20250723113053.0 |
| 008 - FIXED-LENGTH DATA ELEMENTS--GENERAL INFORMATION | |
| fixed length control field | 230605s9999||||xx |||||||||||||| ||und|| |
| 017 ## - COPYRIGHT OR LEGAL DEPOSIT NUMBER | |
| Copyright or legal deposit number | 1985/7/285 |
| 040 ## - CATALOGING SOURCE | |
| Original cataloging agency | JO-AjNU |
| Language of cataloging | ara |
| Description conventions | rda |
| Transcribing agency | JO-AjNU |
| 041 ## - LANGUAGE CODE | |
| Language code of text/sound track or separate title | ara |
| 050 14 - LIBRARY OF CONGRESS CALL NUMBER | |
| Classification number | HD37.A7.M33.1992 |
| 100 #1 - MAIN ENTRY--PERSONAL NAME | |
| Personal name | الدهان، اميمة |
| Relator term | مؤلف |
| 9 (RLIN) | 66619 |
| 245 00 - TITLE STATEMENT | |
| Title | المفاهيم الادارية الحديثة / |
| Statement of responsibility, etc. | تأليف اميمة الدهان، فؤاد الشيخ سالم، زياد رمضان، محسن مخامرة |
| 250 ## - EDITION STATEMENT | |
| Edition statement | الطبعة الثالثة عشر مزيدة ومنقحة |
| 264 31 - PRODUCTION, PUBLICATION, DISTRIBUTION, MANUFACTURE, AND COPYRIGHT NOTICE | |
| Place of production, publication, distribution, manufacture | عمان : مركز الكتب الاردني، 2018 |
| 300 ## - PHYSICAL DESCRIPTION | |
| Extent | 288 صفحة |
| 336 ## - CONTENT TYPE | |
| Content type term | text |
| Content type code | txt |
| Source | rdacontent |
| 337 ## - MEDIA TYPE | |
| Media type term | unmediated |
| Media type code | n |
| Source | rdamedia |
| 338 ## - CARRIER TYPE | |
| Carrier type term | volume |
| Carrier type code | nc |
| Source | rdacarrier |
| 504 ## - BIBLIOGRAPHY, ETC. NOTE | |
| Bibliography, etc. note | يحتوي على صور وملاحق |
| 650 #4 - SUBJECT ADDED ENTRY--TOPICAL TERM | |
| Topical term or geographic name entry element | ادارة الاعمال |
| 9 (RLIN) | 13545 |
| 700 #1 - ADDED ENTRY--PERSONAL NAME | |
| Personal name | سالم، فؤاد الشيخ |
| Relator term | مؤلف |
| 9 (RLIN) | 66620 |
| 700 #1 - ADDED ENTRY--PERSONAL NAME | |
| Personal name | رمضان، زياد |
| Relator term | مؤلف |
| 9 (RLIN) | 66621 |
| 700 #1 - ADDED ENTRY--PERSONAL NAME | |
| Personal name | مخامرة، محسن |
| Relator term | مؤلف |
| 9 (RLIN) | 66622 |
| 942 ## - ADDED ENTRY ELEMENTS (KOHA) | |
| Source of classification or shelving scheme | Library of Congress Classification |
| Koha item type | Books |
| Withdrawn status | Lost status | Source of classification or shelving scheme | Damaged status | Not for loan | Home library | Current library | Shelving location | Date acquired | Total Checkouts | Full call number | Barcode | Date last seen | Price effective from | Koha item type |
|---|---|---|---|---|---|---|---|---|---|---|---|---|---|---|
| Library of Congress Classification | مكتبة جامعة عجلون الوطنية | مكتبة جامعة عجلون الوطنية | المجموعات العامة | 06/06/2023 | HD37.A7.M33.1992 | A3400 | 06/06/2023 | 06/06/2023 | Books | |||||
| Library of Congress Classification | مكتبة جامعة عجلون الوطنية | مكتبة جامعة عجلون الوطنية | 23/07/2025 | HD37.A7.M33 2018 | a30241 | 23/07/2025 | 23/07/2025 |